000 00455nam a2200193Ia 4500
003 OSt
005 20260505163250.0
008 250729s2011 xx 000 0 und d
020 _a9788184673616
040 _cAL
041 _akan
082 _a494.52 RDJB
100 _aR.D.J
_9231083
245 _aThatsama thadbhava padagalu
260 _aBangalore
_bswapna Book House
_c2011
300 _a60p
650 _aKannada
_9231084
942 _2ddc
_cBED
999 _c239104
_d239104